Statistics for Water Polo World Cup Champions

Click here to take the quiz!

General Stats

  • This quiz has been taken 43 times
  • The average score is 7 of 12

Answer Stats

Year Country % Correct
United States
89%
Italy
82%
2014Australia
68%
Canada
68%
Russia
68%
Soviet Union
66%
Yugoslavia
66%
Hungary
61%
Serbia
61%
Netherlands
50%
West Germany
29%
Serbia and Montenegro
16%

Score Distribution

Percentile by Number Answered

Percent of People with Each Score

Your Score History

You have not taken this quiz